<?xml version="1.0" encoding="UTF-8"?>
<collection xmlns="http://www.loc.gov/MARC21/slim">
 <record>
  <leader>00394pamaa2200133   4500</leader>
  <controlfield tag="001">0000024261</controlfield>
  <controlfield tag="005">20061010090000.0</controlfield>
  <datafield tag="020" ind1="0" ind2="0">
   <subfield code="a">0872862712 </subfield>
  </datafield>
  <datafield tag="090" ind1="0" ind2="0">
   <subfield code="a">PQ7298.28.U96 </subfield>
   <subfield code="b">RUY 1992</subfield>
  </datafield>
  <datafield tag="100" ind1="1" ind2="0">
   <subfield code="a">RUY SANCHEZ </subfield>
  </datafield>
  <datafield tag="245" ind1="1" ind2="0">
   <subfield code="a">Mogador  </subfield>
   <subfield code="c">Alberto Ruy Sanchez ; translated from the Spanish by Mark Schaper.</subfield>
  </datafield>
  <datafield tag="260" ind1="0" ind2="0">
   <subfield code="a">San Francisco: </subfield>
   <subfield code="b">City Lights Books, </subfield>
   <subfield code="c">1992.</subfield>
  </datafield>
  <datafield tag="300" ind1=" " ind2=" ">
   <subfield code="a">107p.; </subfield>
   <subfield code="c">21cm.</subfield>
  </datafield>
  <datafield tag="650" ind1="0" ind2="0">
   <subfield code="a">Spanish fiction </subfield>
  </datafield>
 </record>
</collection>
